| 000 | 01413nam0a2200349 4500 | ||
|---|---|---|---|
| 001 | RU\NLR\BIBL_A\011544643 | ||
| 005 | 20250626090845.0 | ||
| 010 |
_a978-5-906979-97-1 _91500 |
||
| 021 |
_aRU _b2017-85903 _96136 |
||
| 035 | _a(RuMoRGB)009449552 | ||
| 035 | _a(NLR Aleph) 011544643 | ||
| 090 |
_a12213334 _c12213334 |
||
| 100 | _a20171201d2017 |||y0rusy50 ca | ||
| 101 | 1 |
_arus _ceng |
|
| 102 | _aRU | ||
| 105 | _aach|zzzz0|1zd | ||
| 200 | 1 |
_aСидней Рейли. Подлинная история "короля шпионов" _e[перевод с английского] _fЭндрю Кук |
|
| 210 |
_aМосква _cАлгоритм _d2017 |
||
| 215 |
_a414, [1] с., [16] л. ил., портр., факс. _cил., портр., табл., факс. _d21 |
||
| 225 | 1 | _aРазведка и контрразведка | |
| 300 | _aНа обороте тит. л. авт.: британский историк Э. Кук | ||
| 320 | _aБиблиогр.: с. 350-413 (840 назв.) | ||
| 333 | _a16+ | ||
| 600 | 1 |
_aРейли _bС. _f1874 - 1925 _gСидней _91507025 _3RU\NLR\AUTH\66955872 |
|
| 686 | 1 | _aЦ68,8(4Вл)-243дРейли | |
| 700 | 1 |
_aКук _bЭ. _gЭндрю |
|
| 702 | 1 |
_4570 _7ca _8rus _aРейли _bС. _f1874-1925 _gСидней _9202456 _3RU\NLR\AUTH\770202507 |
|
| 942 | _cBOOK | ||
| 980 | _aNBR | ||
| 980 | _aNB | ||